00720 2200265 4500001002100000005001500021035002500036090001700061245007700078260003400155300003000189007000300219008004100222040001700263082001500280084001700295250002500312650001100337850001200348504003400360990001000394990002000404990002000424990001000444YOGYA00000000007572020200304112532 a0010-081400000075437 a808.51 RAM t aTuntunan kagem para panatacara tuwin pamedhar sabda /cRama Sudi Yatmana3 aSemarang :bAneka Ilmu,c1988 axiv, 102 halaman ;c20 cmta131129s1988 jti g s JAV d aYOPDYOGbind 223a808.51 a808.51 RAM t aCetakan kesatu, 1988 4aPidato aYOPDYOG aBibliografi : halaman 101-102 a001-P a66217-PD/A.2020 a66217-PD/A.2020 a001-P